| 000 | 00776nam a22002534a 4500 | ||
|---|---|---|---|
| 001 | BIBLIOTECA MUNICIPAL DE BARRANCO | ||
| 007 | ta | ||
| 008 | t pe gr 00| 0 spa d | ||
| 017 | _a2014-02115 | ||
| 020 | _a978-612-305-038-2 | ||
| 040 | _aBIBLIOTECA MUNICIPAL DE BARRANCO | ||
| 041 | _aspa | ||
| 043 | _cpe | ||
| 082 |
_2869.56 _bG19M 2014. |
||
| 100 | _aGálvez Ronceros, Antonio, 1932-2023. | ||
| 245 |
_aMonólogo desde las tinieblas / _cAntonio Gálvez Ronceros. |
||
| 250 | _a5a ed. | ||
| 260 |
_aLima : _bGrupo Editorial Peisa, _c2014. |
||
| 300 |
_a99, [3] p. : _bil. ; _c 19 cm. |
||
| 490 | _aPeisa bolsillo. Cuento | ||
| 650 | 0 |
_92331 _aCuentos peruanos - Siglo XX. |
|
| 650 | 0 |
_98201 _aNegros-Cuentos. |
|
| 942 |
_cBK _e2025-11-12 _zAAOH |
||
| 999 |
_c11017 _d11017 |
||